00610nam a2200193Ia 4500020001800000082001800018100001900036245010600055260002800161300001300189440003200202504005000234650002800284650002000312650001800332650002900350700001700379700002000396 a0-415-70138-4 a327.101 CHE-P aChernoff, Fred 0aPower of international theory: reforging the link to foreign policy-making through scientific enquiry aLondonbRoutledgec2005 axii, 253 aNew international relations aincludes bibliographical references and index aInternational relations aPolicy sciences aPolicy-making aPublic policy management aBuzan, Barry aLittle, Richard